| 000 | 00479cam a22001331 4500 | ||
|---|---|---|---|
| 082 |
_a940.540954 _bBRE _cI-30, P-10 |
||
| 100 | 2 |
_aBrett-James, Antony, _948992 |
|
| 245 | 1 | 0 |
_aBall of fire; _bthe Fifth Indian Division in the Second World War. _cAntony Brett- James |
| 260 |
_aAldershot [Eng.] _bGale & Polden, _c1951. |
||
| 300 |
_axiv, 481 p.: _billus. _c23 cm. |
||
| 526 |
_a0 _b0 _c0 _d940_540954000000000_BRE |
||
| 650 | 0 |
_aMCE _xRegimental histories _zIndia. _948993 |
|
| 942 |
_2ddc _cBK |
||
| 999 |
_c551836 _d551836 |
||